[Event "FRA-chT4 0203"]
[Site "Champagne Ardenne"]
[Date "2002.10.13"]
[Round "1"]
[White "Schelfhout Melin, Marie"]
[Black "Colin, Stephanie"]
[Result "1/2-1/2"]
[WhiteElo "1570"]
[BlackElo "1690"]
[PlyCount "65"]
[EventDate "2002.10.02"]
[EventType "team"]
[EventRounds "7"]
[EventCountry "FRA"]
[SourceTitle "EXT 2005"]
[Source "ChessBase"]
[SourceDate "2004.11.15"]
[SourceVersion "1"]
[SourceVersionDate "2004.11.15"]
[SourceQuality "1"]

1. e4 e6 2. d4 d5 3. exd5 exd5 4. Bd3 Nc6 5. Ne2 Bd6 6. c3 Nge7 7. Bg5 f6 8. Bf4 Bg4 9. f3 Bf5 10. Qc2 Bxd3 11. Qxd3 Qd7 12. Nd2 0-0-0 13. 0-0 g5 14. Bxd6 Qxd6 15. Ng3 h5 16. Rfe1 Rdg8 17. Nf5 Qd7 18. Nxe7+ Nxe7 19. Qe3 Re8 20. Qe6 Rhf8 21. Qxd7+ Kxd7 22. Re2 Nf5 23. Rae1 Rxe2 24. Rxe2 Re8 25. Rxe8 Kxe8 26. Kf2 Kd7 27. Nf1 Ke6 28. Ne3 c6 29. Nxf5 Kxf5 30. g3 b6 31. b4 g4 32. Ke3 a6 33. a3 1/2-1/2